Quiz W którym roku nadano prawa miejskie - Statystyki

Ogólne statystyki
  • Ten quiz został rozwiązany 7 razy
  • Średni wynik to 2 z 15
Statystyki odpowiedzi
Miasto Prawa miejskie % Poprawnych
Gdynia 1926
83%
Rzeszów 1354
33%
Katowice 1865
33%
Wrocław 1214
17%
Toruń 1233
17%
Szczecin 1243
17%
Poznań 1253
17%
Płock 1237
0%
Lublin 1317
0%
Bydgoszcz 1346
0%
Olsztyn 1353
0%
Gdańsk 1457
0%
Białystok 1691
0%
Kraków przed 1228
0%
Warszawa Przed 1300
0%
Nie znaleziono quizów pasujących do podanych kryteriów
Rozkład punktacji
Procent ludzi z każdym wynikiem
Percentyl według liczby udzielonych odpowiedzi
Twoja historia wyników
Nie rozwiązałeś tego quizu